000 00192nam a2200085Ia 4500
008 120527s9999 xx 000 0 und d
100 _aMcClelland, C.D
245 _aHuman motivation
942 _cBK
999 _c27578
_d27578